|
|
|
|
| LEADER |
00000cam a2200000 7i4500 |
| 001 |
0000012166 |
| 005 |
20071212.0 |
| 008 |
071204 |
| 020 |
|
|
|a 0887309313
|
| 090 |
0 |
0 |
|a 658.4092
|b TIC
|
| 100 |
1 |
|
|a Tichy, Noel M
|
| 245 |
1 |
0 |
|a The leadership engine :
|b how winning companies build leaders at every level
|c Noel M.Tichy
|
| 260 |
|
|
|a New York :
|b HarperCollins Publishers ,
|c 2002
|
| 650 |
|
0 |
|a Behavior modification
|
| 650 |
|
0 |
|a Leadership
|
| 999 |
|
|
|a 0001003654
|b Book
|c Adult Collection
|e Perbadanan Perpustakaan Awam Johor
|
| 999 |
|
|
|a 0001003655
|b Book
|c Adult Collection
|e Perbadanan Perpustakaan Awam Johor
|